LEADER 01021nam a2200241 i 4500 001 000000209103 003 CaOOAMICUS 005 20200401152020.0 008 111206s1973 it u000 u ita u 013 $a187892 040 $aSeMil$bita 100 1 $aMusca, Giosuè <1928-2005>.$0(OLS)http://semarc/name/74959 245 13$aIl venerabile Beda storico dell'Alto Medioevo /$cGiosuè Musca. 260 $aBari :$bDedalo Libri,$ccopyr. 1973. 300 $a482 p., [1] p. di tav. :$bc. geogr. ;$c22 cm. 490 0 $aStoria e civiltà ;$v9 600 04$aBeda : il Venerabile .$0(OLS)http://semarc/subject/12686 830 0$aStoria e civiltà ;$v9.$0(OLS)http://semarc/title/10404 850 $aSeMil 852 $aSeMil$W1$xVenegono$y1$m3T II 189$j159557$B159557$CSeMilBibl$Z2$F170614 $81 996 $6245$aIl venerabile Beda storico dell'Alto Medioevo$9(OLS)http://semarc/title/302267 996 $6260$aBari :$bDedalo Libri$9(OLS)http://semarc/publisher/32132 LEADER 01692nam a2200349 i 4500 001 000000188905 003 CaOOAMICUS 005 20151028000000.0 008 151028s1967 it u000 u ita u 013 $a167141 040 $aSeMil$bita 100 1 $aBesret, Bernard.$0(OLS)http://semarc/name/26533 240 10$aCélébrer l'Office divin.$0(OLS)http://semarc/title/271946 245 10$aCelebrare l'Ufficio Divino :$bteologia, storia, spiritualità. Esperienze e proposte per pregare, parlare, cantare l'ufficio /$cB. Besret ... [et al.]. 260 $aTorino-Leumann :$bElle Di Ci,$c1967. 300 $a207 p. ;$c20 cm. 490 0 $aLiturgia e cultura ;$v4 650 4$aLiturgia - Celebrazione - Laici.$0(OLS)http://semarc/subject/35547 774 0 $tUfficio Divino secobdo la Costituzione.$w()325392 774 0 $tElementi dell'ufficio e la loro celebrazione.$w()325393 774 0 $tOssatura dell'Ufficio cantato.$w()325394 774 0 $tTesti proclamati nell'Ufficio.$w()325395 774 0 $tCanto dei salmi.$w()325398 774 0 $tAntifone dell'Ufficio.$w()325400 774 0 $tInno e il responsorio.$w()325401 774 0 $tCelebrazione dell'Ufficio e vita spirituale.$w()325402 830 0$aLiturgia e cultura ;$v4.$0(OLS)http://semarc/title/44327 850 $aSeMil 852 $aSeMil$W1$xVenegono$y1$m3K II 525$j139542$B139542$CSeMilBibl$Z2$F151166 $81 961 $aOmaggio: Martinelli don Romano 996 $6245$aCelebrare l'Ufficio Divino :$bteologia, storia, spiritualità. Esperienze e proposte per pregare, parlare, cantare l'ufficio$9(OLS)http://semarc/title/271945 996 $6260$aTorino-Leumann :$bElle Di Ci$9(OLS)http://semarc/publisher/30113